000 00290nam a22001337a 4500
008 171019b xxu||||| |||| 00| 0 eng d
020 _a9780538864459
041 _aeng
080 _22ND
_a338
100 _a53
101 _aMEN
245 _aCOST MANAGEMENT
_cHANSEN,D.R
942 _2udc
_cBK
999 _c34837
_d34837